| 000 | 00682cas a2200229 a 4500 | ||
|---|---|---|---|
| 001 | 11277967 | ||
| 005 | 20231207225216.0 | ||
| 008 | 831201c19839999ii ar p 0 a0eng c | ||
| 040 |
_aCRL _beng _cCRL _dNST _dHUL _dNST _dDLC _dNST _dCOO _dNST _dOCLCQ _dCRL _dOCLCA _dOCLCQ _dOCLCF _dOCLCA _dOCLCO _dOCLCA _dOCLCQ |
||
| 082 |
_222 _a305.4. |
||
| 245 | 0 | 0 |
_aSamya shakti : _ba journal of women's studies. |
| 260 |
_aNew Delhi : _bCentre for Women's Development Studies, _c1983. |
||
| 300 | _avolumes ; | ||
| 650 | 0 | _aWomen's studies | |
| 650 | 0 | _aWomen's studies | |
| 650 | 0 | _aFeminism | |
| 650 | 0 | _aWomen | |
| 650 | 7 | _aFeminism. | |
| 650 | 7 | _aWomen. | |
| 650 | 7 | _aWomen's studies. | |
| 942 | _cL | ||
| 999 |
_c159 _d159 |
||